000 00784nam a2200241 a 4500
001 000048409
005 20240410073848.0
008 190305s2002 dr a r 000 0 spa d
040 _aDO-SdBNP
_bspa
_cBNPHU
082 _a923.27293
_bD812p, 2002
100 1 _aPatín Veloz, Enrique
_93425
245 1 0 _aDuarte y la historia /
_cEnrique Patín Veloz.
250 _a4a ed.
260 _aSanto Domingo :
_bInstituto Duartiano,
_c2002.
300 _a161 p. :
_bil. ;
_c21 cm.
490 1 _aDuartiana
_v5
504 _aBibliografía : p. 159
590 _aInventariado, 2019/BT
600 1 0 _aDuarte, Juan Pablo,
_d1813-1876
_91494
651 0 _aRepública Dominicana --
_xHistoria --
_y1844-1930
_91009
830 0 _aDuartiana
_n5
_944455
910 _aValidado. Control de calidad. MFF
999 _c47897
_d47897